000 00519nam a2200169Ia 4500
008 090201s9999 xx 000 0 und d
010 _aKPL-33055
040 _bमराठी
041 _aमराठी
082 _a40316
_b33055
100 _aना सी फडके
245 _aमन शुध्द तूझं
_cना सी फडके
260 _c2004
_bसरीता प्रकाशन
300 _a214
_bमोठा
600 _aमन शुध्द तूझं
942 _cBOOK
999 _c237577
_d237577